Normal view MARC view

Entry Corporate Name

Number of records used in: 1

001 - CONTROL NUMBER

  • control field: 242687

003 - CONTROL NUMBER IDENTIFIER

  • control field: OSt

005 - DATE AND TIME OF LATEST TRANSACTION

  • control field: 20251024140426.0

008 - FIXED-LENGTH DATA ELEMENTS

  • fixed length control field: 251024|| aca||aabn | a|a d

040 ## - CATALOGING SOURCE

  • Original cataloging agency: OSt
  • Transcribing agency: OSt

110 ## - HEADING--CORPORATE NAME

  • Corporate name or jurisdiction name as entry element: ಮಂಗಳಾಸತ್ಯನ್ ಎಸ್

670 ## - SOURCE DATA FOUND

  • Source citation: Work cat.: (OSt)81259: Managalasatyan S 140361, Aa mukha, 1986